[Event "4MCR_4D_1L_4S"]
[Site "CR"]
[Date "2000.??.??"]
[Round "?"]
[White "Novotny, Josef"]
[Black "Alexa, Jaroslav"]
[Result "0-1"]
[WhiteElo "2165"]
[BlackElo "2340"]
[PlyCount "74"]
[EventDate "2000.??.??"]
[EventType "tourn (corr)"]

1. d4 d5 2. c4 c6 3. Nf3 Nf6 4. Nc3 dxc4 5. a4 Bf5 6. e3 e6 7. Bxc4 Bb4 8. O-O
O-O 9. Nh4 Nbd7 10. f3 Bg6 11. Nxg6 hxg6 12. Qc2 Rc8 13. Rd1 Qe7 14. a5 c5 15.
Qb3 Rfd8 16. a6 bxa6 17. Bxa6 Rb8 18. Qc2 cxd4 19. exd4 Nb6 20. Bg5 Nbd5 21.
Rdc1 Rd7 22. Bd3 Bc5 23. dxc5 Nb4 24. Qe2 Nxd3 25. Rd1 Rxb2 26. Qe3 Nxc5 27.
Rxd7 Ncxd7 28. Rxa7 Qb4 29. Ra8+ Kh7 30. Ra4 Qb3 31. Rh4+ Kg8 32. Rd4 Rc2 33.
Nd1 Qb6 34. Qd3 e5 35. Qxc2 exd4 36. Nb2 Nd5 37. Bc1 d3+ 0-1

[Event "4MCR_4D_1L_4S"]
[Site "CR"]
[Date "2000.??.??"]
[Round "?"]
[White "Novotny, Josef"]
[Black "Cakl, Zdenek"]
[Result "1/2-1/2"]
[WhiteElo "2165"]
[BlackElo "2075"]
[PlyCount "80"]
[EventDate "2000.??.??"]
[EventType "tourn (corr)"]

1. d4 d5 2. c4 e6 3. Nc3 f5 4. Bf4 Nf6 5. Nf3 Be7 6. e3 O-O 7. Bd3 Ne4 8. Ne5
Nxc3 9. bxc3 Nd7 10. O-O Nxe5 11. Bxe5 Bd6 12. Bxd6 Qxd6 13. cxd5 exd5 14. c4
Be6 15. c5 Qe7 16. Qh5 b6 17. Rfc1 Bd7 18. Rc2 c6 19. Rb1 b5 20. a4 a6 21. Ra2
Be6 22. g3 g6 23. Qh6 Ra7 24. h4 Qg7 25. Qf4 Qc7 26. axb5 axb5 27. Rxa7 Qxa7
28. h5 Re8 29. hxg6 hxg6 30. Kg2 Re7 31. Qg5 Rg7 32. Rh1 Qe7 33. Qh6 Kf7 34.
Ra1 Qb7 35. f3 Rg8 36. Bc2 Qb8 37. Qh7+ Rg7 38. Qh4 Rg8 39. Ra6 Rh8 40. Rb6 Qa8
1/2-1/2

[Event "4MCR_4D_1L_4S"]
[Site "CR"]
[Date "2000.??.??"]
[Round "?"]
[White "Novotny, Josef"]
[Black "Hladecek, Miloslav"]
[Result "1-0"]
[WhiteElo "2165"]
[BlackElo "2150"]
[PlyCount "153"]
[EventDate "2000.??.??"]
[EventType "tourn (corr)"]

1. d4 Nf6 2. c4 e6 3. Nc3 Bb4 4. e3 O-O 5. Bd3 d5 6. Nge2 dxc4 7. Bxc4 e5 8. a3
Ba5 9. O-O exd4 10. exd4 c6 11. Re1 Nbd7 12. b4 Bc7 13. Bf4 Nb6 14. Bxc7 Qxc7
15. Bd3 Bg4 16. Qc2 Qd6 17. f3 Bd7 18. Ne4 Nxe4 19. fxe4 Rad8 20. h3 Qh6 21.
Rf1 f5 22. exf5 Nd5 23. Rf3 Rde8 24. Raf1 Ne3 25. Qb3+ Kh8 26. R1f2 Qg5 27. Ng3
Nd5 28. Ne4 Qh4 29. Qc2 Bc8 30. g4 a6 31. Rf1 Nf6 32. Nd6 Rd8 33. Qc5 Nd5 34.
Bc4 b6 35. Qxc6 Qf6 36. Qxd5 Rxd6 37. Qe5 Rxd4 38. Qxf6 gxf6 39. Rc1 Rfd8 40.
Rfc3 Bb7 41. Be6 Rd2 42. R1c2 Rxc2 43. Rxc2 h5 44. gxh5 Rd3 45. Rc7 Be4 46. a4
Rd4 47. Rf7 Rxb4 48. Rxf6 Bd3 49. Rf8+ Kg7 50. Rg8+ Kf6 51. h6 Rh4 52. Rg6+ Ke5
53. Bd7 Rd4 54. Re6+ Kxf5 55. h7 Rxd7 56. h8=Q Kxe6 57. Qh6+ Kd5 58. Qxb6 Rd6
59. Qb4 Re6 60. h4 Re4 61. Qa5+ Kd4 62. h5 Rf4 63. h6 Rf7 64. Qb6+ Kc3 65. Qe6
Rh7 66. Qf6+ Kd2 67. Kf2 Rb7 68. Qg5+ Kc2 69. Qd5 Rb3 70. Qg8 Kb2 71. h7 Bxh7
72. Qxh7 Ka3 73. Qd7 Kb4 74. Ke2 Ka3 75. Qd4 a5 76. Qa1+ Kb4 77. Kd2 1-0

[Event "4MCR_4D_1L_4S"]
[Site "CR"]
[Date "2000.??.??"]
[Round "?"]
[White "Novotny, Josef"]
[Black "Leiner, Raimund"]
[Result "0-1"]
[WhiteElo "2165"]
[BlackElo "2245"]
[PlyCount "68"]
[EventDate "2000.??.??"]
[EventType "tourn (corr)"]

1. d4 Nf6 2. c4 e6 3. Nc3 d5 4. cxd5 exd5 5. Bg5 Be7 6. e3 c6 7. Qc2 Nbd7 8.
Bd3 O-O 9. Nge2 Re8 10. O-O Nf8 11. f3 Nh5 12. Bxe7 Qxe7 13. e4 dxe4 14. fxe4
Be6 15. Rf2 Nf6 16. h3 Red8 17. Raf1 c5 18. e5 N6d7 19. d5 Nxe5 20. dxe6 Nxd3
21. exf7+ Kh8 22. Rf3 c4 23. b3 Rac8 24. Kh1 b5 25. bxc4 bxc4 26. Qa4 Rd7 27.
Ng3 Ne5 28. Rf5 g6 29. Rf6 Kg7 30. Nge4 Rcd8 31. Nb5 h6 32. Ra6 Rd3 33. Nf6
Rxh3+ 34. gxh3 Qb7+ 0-1

[Event "4MCR_4D_1L_4S"]
[Site "CR"]
[Date "2000.??.??"]
[Round "?"]
[White "Novotny, Josef"]
[Black "Pletanek, Danous"]
[Result "1/2-1/2"]
[WhiteElo "2165"]
[BlackElo "2295"]
[PlyCount "52"]
[EventDate "2000.??.??"]
[EventType "tourn (corr)"]

1. d4 Nf6 2. c4 g6 3. Nc3 Bg7 4. e4 d6 5. Be2 O-O 6. Nf3 e5 7. O-O Nc6 8. d5
Ne7 9. b4 Nh5 10. Re1 f5 11. Ng5 Nf6 12. Bf3 c6 13. Bb2 h6 14. Ne6 Bxe6 15.
dxe6 fxe4 16. Nxe4 Nxe4 17. Bxe4 d5 18. Bf3 Qd6 19. Qe2 e4 20. Bxg7 Kxg7 21.
Bg4 Qf4 22. Rac1 h5 23. Bh3 Rac8 24. a4 Kh6 25. a5 g5 26. g3 Qf6 1/2-1/2

[Event "4MCR_4D_1L_4S"]
[Site "CR"]
[Date "2000.??.??"]
[Round "?"]
[White "Novotny, Josef"]
[Black "Rachunek, Milan"]
[Result "0-1"]
[WhiteElo "2165"]
[BlackElo "2000"]
[PlyCount "66"]
[EventDate "2000.??.??"]
[EventType "tourn (corr)"]

1. d4 Nf6 2. c4 e6 3. Nc3 Bb4 4. e3 O-O 5. Bd3 c5 6. Nge2 b6 7. O-O cxd4 8.
exd4 Bb7 9. Bg5 Be7 10. Rc1 Nc6 11. Bb1 d5 12. cxd5 Nxd5 13. Qd3 g6 14. Bh6 Re8
15. Rfe1 Rc8 16. Qf3 Nxc3 17. bxc3 Ba3 18. Rc2 Qh4 19. Qf4 Qxf4 20. Bxf4 Ne7
21. Bc1 Bd6 22. Bf4 Bxf4 23. Nxf4 Rc7 24. Rcc1 Rec8 25. Re3 Nd5 26. Nxd5 Bxd5
27. h4 b5 28. a3 a5 29. Be4 Bxe4 30. Rxe4 Rxc3 31. Rxc3 Rxc3 32. Re5 b4 33.
Rxa5 bxa3 0-1

[Event "4MCR_4D_1L_4S"]
[Site "CR"]
[Date "2000.??.??"]
[Round "?"]
[White "Novotny, Josef"]
[Black "Vrkoc, David"]
[Result "0-1"]
[WhiteElo "2165"]
[BlackElo "2270"]
[PlyCount "48"]
[EventDate "2000.??.??"]
[EventType "tourn (corr)"]

1. d4 Nf6 2. c4 e6 3. Nc3 c5 4. d5 exd5 5. cxd5 d6 6. e4 g6 7. f4 Bg7 8. Nf3
O-O 9. Be2 Re8 10. e5 dxe5 11. fxe5 Ng4 12. Bg5 Qb6 13. Qd2 Nxe5 14. O-O-O Nbd7
15. Rhe1 Nxf3 16. Bxf3 Ne5 17. h3 c4 18. Be4 Bd7 19. Be3 Qd6 20. Bf4 b5 21. Bc2
b4 22. Ne4 Qa6 23. Kb1 c3 24. Qf2 Nc4 0-1

[Event "4MCR_4D_1L_4S"]
[Site "CR"]
[Date "2000.??.??"]
[Round "?"]
[White "Pletanek, Danous"]
[Black "Alexa, Jaroslav"]
[Result "1/2-1/2"]
[WhiteElo "2295"]
[BlackElo "2340"]
[PlyCount "64"]
[EventDate "2000.??.??"]
[EventType "tourn (corr)"]

1. e4 c5 2. Nf3 Nc6 3. d4 cxd4 4. Nxd4 Nf6 5. Nc3 e5 6. Ndb5 d6 7. Bg5 a6 8.
Na3 b5 9. Bxf6 gxf6 10. Nd5 Bg7 11. c3 f5 12. exf5 Bxf5 13. Nc2 O-O 14. Nce3
Be6 15. Bd3 f5 16. Qh5 e4 17. Bc2 Ne7 18. Rd1 Rc8 19. O-O Nxd5 20. Nxd5 Rc5 21.
Bb3 a5 22. Rfe1 Qe8 23. Qg5 Kh8 24. Nf4 Bxb3 25. axb3 Rg8 26. Rxd6 Bxc3 27. Qh4
Bxb2 28. Ng6+ Rxg6 29. Rd8 Rc8 30. Rxe8+ Rxe8 31. Qf4 a4 32. bxa4 bxa4 1/2-1/2

[Event "4MCR_4D_1L_4S"]
[Site "CR"]
[Date "2000.??.??"]
[Round "?"]
[White "Pletanek, Danous"]
[Black "Hladik, Josef"]
[Result "1/2-1/2"]
[WhiteElo "2295"]
[BlackElo "2180"]
[PlyCount "100"]
[EventDate "2000.??.??"]
[EventType "tourn (corr)"]

1. e4 e5 2. Nf3 Nc6 3. Bb5 Nf6 4. O-O Nxe4 5. d4 Nd6 6. Bxc6 dxc6 7. dxe5 Nf5
8. Qxd8+ Kxd8 9. Nc3 h6 10. h3 Ke8 11. Bf4 Be6 12. g4 Ne7 13. Nd4 Nd5 14. Nxe6
fxe6 15. Bd2 Bc5 16. Ne2 Rd8 17. Rad1 Rf8 18. Bc1 b5 19. Kg2 Rd7 20. a3 Rdf7
21. f3 a5 22. Rd3 Be7 23. f4 c5 24. b3 b4 25. axb4 Nxb4 26. Rc3 g5 27. Kg3 Nc6
28. Rc4 gxf4+ 29. Rfxf4 Nxe5 30. Rxf7 Nxf7 31. Ra4 Ng5 32. Nf4 Bd6 33. Kg2 Kd7
34. h4 Nf7 35. Ng6 Rb8 36. Bd2 c4 37. Rxc4 Bb4 38. Rd4+ Ke8 39. Bf4 Bd6 40. Kf3
Rb6 41. Re4 Kd7 42. Be3 Rb5 43. Ke2 e5 44. h5 c6 45. Bd2 Bc7 46. Ra4 Bd8 47.
Be1 Ke6 48. Nh4 Nd6 49. Nf3 c5 50. Bd2 e4 1/2-1/2

[Event "4MCR_4D_1L_4S"]
[Site "CR"]
[Date "2000.??.??"]
[Round "?"]
[White "Pletanek, Danous"]
[Black "Kunovjanek, Milan"]
[Result "1/2-1/2"]
[WhiteElo "2295"]
[BlackElo "2120"]
[PlyCount "53"]
[EventDate "2000.??.??"]
[EventType "tourn (corr)"]

1. e4 c5 2. Nf3 Nc6 3. d4 cxd4 4. Nxd4 Nf6 5. Nc3 e5 6. Ndb5 d6 7. Bg5 a6 8.
Na3 b5 9. Bxf6 gxf6 10. Nd5 Bg7 11. c3 f5 12. exf5 Bxf5 13. Nc2 O-O 14. Nce3
Bg6 15. h4 Be4 16. Bd3 Bxd5 17. Nxd5 f5 18. g4 e4 19. Bc2 Ne7 20. h5 Kh8 21.
Nf4 Qd7 22. g5 d5 23. Qd2 Rfd8 24. Bb3 a5 25. Rd1 Ra6 26. a3 a4 27. Bc2 1/2-1/2

[Event "4MCR_4D_1L_4S"]
[Site "CR"]
[Date "2000.??.??"]
[Round "?"]
[White "Pletanek, Danous"]
[Black "Novak, Vratislav"]
[Result "1-0"]
[WhiteElo "2295"]
[BlackElo "2260"]
[PlyCount "83"]
[EventDate "2000.??.??"]
[EventType "tourn (corr)"]

1. e4 e5 2. Nc3 Nf6 3. Bc4 Bb4 4. Nf3 Bxc3 5. dxc3 d6 6. Qe2 h6 7. Bd2 Bg4 8.
O-O-O Nbd7 9. h3 Bh5 10. g4 Bg6 11. Bd3 Nc5 12. Be3 Nxd3+ 13. cxd3 Nd7 14. Nd2
Qe7 15. f3 O-O-O 16. d4 Kb8 17. d5 Rc8 18. Kb1 Nb6 19. Ka1 Qe8 20. b3 Nd7 21.
Qf2 b6 22. Qe2 Qe7 23. Qa6 c5 24. Nc4 h5 25. a4 Qf8 26. a5 Rc7 27. Kb2 Rb7 28.
axb6 axb6 29. Ra1 Kc7 30. Qb5 Qb8 31. Qc6+ Kd8 32. Nxd6 Rc7 33. Qb5 Ke7 34. Nc4
Rb7 35. g5 Rc8 36. Ra6 Kf8 37. Rha1 Kg8 38. Bf2 Kh7 39. Bg3 f6 40. gxf6 gxf6
41. Bh4 Be8 42. Qc6 1-0

[Event "4MCR_4D_1L_4S"]
[Site "CR"]
[Date "2000.??.??"]
[Round "?"]
[White "Pletanek, Danous"]
[Black "Rybak, David"]
[Result "1/2-1/2"]
[WhiteElo "2295"]
[BlackElo "1600"]
[PlyCount "52"]
[EventDate "2000.??.??"]
[EventType "tourn (corr)"]

1. e4 e5 2. Nc3 Nf6 3. Bc4 Nxe4 4. Qh5 Nd6 5. Bb3 Be7 6. Nf3 Nc6 7. Nxe5 g6 8.
Nxc6 dxc6 9. Qd1 Nf5 10. O-O Nd4 11. d3 O-O 12. Bf4 a5 13. Be5 Bf5 14. Re1 Bf6
15. Bxf6 Qxf6 16. Ne4 Bxe4 17. dxe4 Rad8 18. Qc1 Rfe8 19. Bc4 Ne6 20. c3 Nf4
21. Bf1 Nd3 22. Bxd3 Rxd3 23. Qc2 Red8 24. Rad1 Qd6 25. Qxd3 Qxd3 26. Rxd3 Rxd3
1/2-1/2

[Event "4MCR_4D_1L_4S"]
[Site "CR"]
[Date "2000.??.??"]
[Round "?"]
[White "Pletanek, Danous"]
[Black "Trcka, Vaclav"]
[Result "1/2-1/2"]
[WhiteElo "2295"]
[BlackElo "2065"]
[PlyCount "57"]
[EventDate "2000.??.??"]
[EventType "tourn (corr)"]

1. e4 c5 2. Nf3 Nc6 3. d4 cxd4 4. Nxd4 Nf6 5. Nc3 e5 6. Ndb5 d6 7. Bg5 a6 8.
Na3 b5 9. Bxf6 gxf6 10. Nd5 f5 11. c3 Bg7 12. exf5 Bxf5 13. Nc2 O-O 14. Nce3
Be6 15. Bd3 f5 16. Qh5 e4 17. Bc2 Ne7 18. Bb3 Ng6 19. Qh3 a5 20. a3 Qh4 21.
Qxh4 Nxh4 22. O-O-O Ra7 23. g3 Nf3 24. Bc2 b4 25. cxb4 Nd4 26. Kb1 Rb8 27. Rhe1
axb4 28. Nxb4 d5 29. Rxd4 1/2-1/2

[Event "4MCR_4D_1L_4S"]
[Site "CR"]
[Date "2000.??.??"]
[Round "?"]
[White "Pletanek, Danous"]
[Black "Vrkoc, David"]
[Result "0-1"]
[WhiteElo "2295"]
[BlackElo "2270"]
[PlyCount "106"]
[EventDate "2000.??.??"]
[EventType "tourn (corr)"]

1. e4 c5 2. Nf3 d6 3. d4 cxd4 4. Nxd4 Nf6 5. Nc3 a6 6. Be2 e5 7. Nb3 Be7 8. O-O
O-O 9. Kh1 b6 10. a4 Bb7 11. f3 Nc6 12. Bg5 Nb4 13. Nb1 a5 14. c3 Na6 15. Na3
d5 16. Bxf6 Bxf6 17. exd5 Qxd5 18. Qxd5 Bxd5 19. Bc4 Bb7 20. Rad1 Rfd8 21. Bd3
Rac8 22. Bf5 Rxd1 23. Rxd1 Rd8 24. Rxd8+ Bxd8 25. Kg1 Bc6 26. Nb5 Nc7 27. c4 g6
28. Be4 Bd7 29. Nc3 Be7 30. Nc1 Bg5 31. N1e2 f5 32. Bc2 Kf7 33. Kf2 Be6 34. b3
Bc8 35. Ke1 Bb7 36. g4 fxg4 37. fxg4 Bf3 38. h3 Bg2 39. Kf2 Bxh3 40. Kg3 Bf1
41. Kf2 Bxe2 42. Kxe2 Ne6 43. Bd1 h5 44. gxh5 gxh5 45. Kf3 Bd8 46. Nd5 h4 47.
Kg4 Nd4 48. Nc3 Ke6 49. Ne4 Be7 50. Nd2 Nf5 51. Kh3 Ng3 52. Bc2 Kd6 53. Ne4+
Nxe4 0-1

[Event "4MCR_4D_1L_4S"]
[Site "CR"]
[Date "2000.??.??"]
[Round "?"]
[White "Rachunek, Milan"]
[Black "Alexa, Jaroslav"]
[Result "1/2-1/2"]
[WhiteElo "2000"]
[BlackElo "2340"]
[PlyCount "84"]
[EventDate "2000.??.??"]
[EventType "tourn (corr)"]

1. d4 d5 2. Nc3 Nf6 3. Bg5 Nbd7 4. Qd3 h6 5. Bh4 c6 6. Nf3 Qa5 7. Nd2 e6 8. e4
Bb4 9. e5 Bxc3 10. Qxc3 Qxc3 11. bxc3 Nh5 12. g4 Nf4 13. Bg3 Ng6 14. c4 b6 15.
cxd5 cxd5 16. Bg2 Ba6 17. c4 Ne7 18. cxd5 exd5 19. Nf1 Nf8 20. Ne3 Rc8 21. f4
Ne6 22. Rd1 Rc3 23. Nxd5 Nxd5 24. Bxd5 h5 25. Kd2 Rd3+ 26. Kc1 Rxd1+ 27. Rxd1
h4 28. Bc6+ Ke7 29. Bf2 Nxf4 30. Kd2 f6 31. exf6+ Kxf6 32. Re1 Nd3 33. g5+ Kf7
34. g6+ Kf6 35. Re8 Rxe8 36. Bxh4+ Kxg6 37. Bxe8+ Kf5 38. Ke3 g5 39. Bd7+ Kg6
40. Bg3 Nb4 41. Bb8 Bc4 42. Bxa7 Nd5+ 1/2-1/2

[Event "4MCR_4D_1L_4S"]
[Site "CR"]
[Date "2000.??.??"]
[Round "?"]
[White "Rachunek, Milan"]
[Black "Hladik, Josef"]
[Result "1/2-1/2"]
[WhiteElo "2000"]
[BlackElo "2180"]
[PlyCount "37"]
[EventDate "2000.??.??"]
[EventType "tourn (corr)"]

1. d4 Nf6 2. Nc3 d5 3. Bg5 Nbd7 4. Qd3 h6 5. Bh4 c6 6. Nf3 g6 7. O-O-O Bg7 8.
Nd2 Nf8 9. Bxf6 Bxf6 10. e4 Ne6 11. Nf3 Qa5 12. h4 Nc7 13. e5 Bg7 14. h5 Bf5
15. Qe3 g5 16. Nd2 Ne6 17. Nb3 Qc7 18. g3 a5 19. f4 1/2-1/2

[Event "4MCR_4D_1L_4S"]
[Site "CR"]
[Date "2000.??.??"]
[Round "?"]
[White "Rachunek, Milan"]
[Black "Kunovjanek, Milan"]
[Result "1/2-1/2"]
[WhiteElo "2000"]
[BlackElo "2120"]
[PlyCount "47"]
[EventDate "2000.??.??"]
[EventType "tourn (corr)"]

1. d4 Nf6 2. Nc3 d5 3. Bg5 Nbd7 4. Qd3 c6 5. e4 dxe4 6. Nxe4 Nxe4 7. Qxe4 Qa5+
8. Bd2 Qd5 9. Qe3 Nf6 10. Nf3 Bf5 11. c4 Qe4 12. Be2 e6 13. Qb3 Rb8 14. Be3 Qc2
15. Nh4 Qxb3 16. axb3 Bb4+ 17. Bd2 Bxd2+ 18. Kxd2 a6 19. Nxf5 exf5 20. Bd3 g6
21. Rhe1+ Kd7 22. f3 f4 23. b4 Rhe8 24. Rxe8 1/2-1/2

[Event "4MCR_4D_1L_4S"]
[Site "CR"]
[Date "2000.??.??"]
[Round "?"]
[White "Rachunek, Milan"]
[Black "Pletanek, Danous"]
[Result "1-0"]
[WhiteElo "2295"]
[BlackElo "2000"]
[PlyCount "61"]
[EventDate "2000.??.??"]
[EventType "tourn (corr)"]

1. e4 c5 2. Nf3 d6 3. d4 cxd4 4. Nxd4 Nf6 5. Nc3 a6 6. Bg5 e6 7. f4 Qb6 8. Nb3
Be7 9. Qf3 Nbd7 10. O-O-O Qc7 11. Bd3 b5 12. Rhe1 Rb8 13. a3 b4 14. axb4 Rxb4
15. Kb1 Bb7 16. Qh3 Nc5 17. Nxc5 Qxc5 18. Na2 Rb6 19. f5 Qe5 20. c3 Bxe4 21.
Bxe4 Nxe4 22. Bxe7 Qb5 23. Nb4 Nf2 24. Qf3 Nxd1 25. fxe6 fxe6 26. Rxe6 Nxc3+
27. bxc3 Kd7 28. Re3 g6 29. g4 Qc5 30. Bh4 Qc4 31. Re4 1-0

[Event "4MCR_4D_1L_4S"]
[Site "CR"]
[Date "2000.??.??"]
[Round "?"]
[White "Rachunek, Milan"]
[Black "Rybak, David"]
[Result "1-0"]
[WhiteElo "2000"]
[BlackElo "1600"]
[PlyCount "80"]
[EventDate "2000.??.??"]
[EventType "tourn (corr)"]

1. d4 d5 2. Nc3 Nf6 3. Bg5 Bf5 4. f3 Nbd7 5. Nxd5 Nxd5 6. e4 h6 7. Bh4 Ne3 8.
Qd3 Nxf1 9. exf5 Nc5 10. Qc3 Na4 11. Qb3 Qxd4 12. Qb5+ Qd7 13. Qxd7+ Kxd7 14.
O-O-O+ Ke8 15. Rxf1 g6 16. fxg6 fxg6 17. Re1 g5 18. Bg3 Bg7 19. Be5 Bxe5 20.
Rxe5 Kf7 21. Ne2 Nb6 22. Nd4 Rad8 23. Ne6 Rd5 24. Re4 c6 25. Rhe1 Kf6 26. c4
Ra5 27. Kb1 Nd7 28. c5 b6 29. cxb6 axb6 30. Nd4 e5 31. Nxc6 Rd5 32. h4 Rc8 33.
hxg5+ hxg5 34. Nb4 Rd2 35. R4e2 Rxe2 36. Rxe2 Ke6 37. Nd3 Rc4 38. b3 Rh4 39.
Nf2 Nf6 40. Kc2 Rh8 1-0

[Event "4MCR_4D_1L_4S"]
[Site "CR"]
[Date "2000.??.??"]
[Round "?"]
[White "Rachunek, Milan"]
[Black "Trcka, Vaclav"]
[Result "1-0"]
[WhiteElo "2000"]
[BlackElo "2065"]
[PlyCount "63"]
[EventDate "2000.??.??"]
[EventType "tourn (corr)"]

1. d4 f5 2. Nc3 d5 3. Bg5 g6 4. e3 Bg7 5. h4 c6 6. Bd3 Qb6 7. Rb1 Nd7 8. Nf3
Ndf6 9. O-O Ne4 10. Ne2 h6 11. Bf4 Ngf6 12. c4 Ng4 13. cxd5 cxd5 14. Nc3 Be6
15. Na4 Qd8 16. Qb3 b6 17. Bb5+ Kf7 18. Nc3 Rc8 19. Rbc1 Nxc3 20. bxc3 Bf6 21.
Bg3 a5 22. Rb1 Rf8 23. a4 f4 24. Bxf4 Bf5 25. Rb2 e6 26. Ba6 Rc6 27. c4 g5 28.
cxd5 exd5 29. hxg5 hxg5 30. Bg3 Rh8 31. Bb7 Rc4 32. Qxb6 1-0

[Event "4MCR_4D_1L_4S"]
[Site "CR"]
[Date "2000.??.??"]
[Round "?"]
[White "Rachunek, Milan"]
[Black "Vrkoc, David"]
[Result "1/2-1/2"]
[WhiteElo "2000"]
[BlackElo "2270"]
[PlyCount "104"]
[EventDate "2000.??.??"]
[EventType "tourn (corr)"]

1. d4 Nf6 2. Nc3 d5 3. Bg5 Nbd7 4. Qd3 c5 5. dxc5 e6 6. O-O-O Nxc5 7. Qd4 Bd7
8. Nf3 Rc8 9. e4 Ncxe4 10. Nxe4 dxe4 11. Bxf6 gxf6 12. Qxe4 Qb6 13. Nd4 Bh6+
14. Kb1 O-O 15. Rd3 Bg7 16. Rg3 Kh8 17. Rb3 Qc5 18. Rc3 f5 19. Rxc5 fxe4 20.
Rxc8 Rxc8 21. Nb3 Rd8 22. Bc4 e3 23. f3 Ba4 24. Re1 Bh6 25. Be2 b6 26. Rd1
Rxd1+ 27. Bxd1 e5 28. Be2 f5 29. Kc1 f4 30. Kd1 Bf8 31. Bd3 Kg7 32. Be4 h5 33.
g3 Kf6 34. Nc1 Bd7 35. Ne2 Bd6 36. Nc3 Be6 37. Bc6 Kg7 38. Nb5 Bb8 39. Nc3 Bc7
40. b3 Bd8 41. Ke2 h4 42. g4 h3 43. Ne4 Be7 44. c4 Kf8 45. Kf1 Bh4 46. Ke2 Ke7
47. Bd5 Bd7 48. Kd3 Be8 49. Ke2 a5 50. a3 Kd7 51. b4 Kc7 52. g5 a4 1/2-1/2

[Event "4MCR_4D_1L_4S"]
[Site "CR"]
[Date "2000.??.??"]
[Round "?"]
[White "Rybak, David"]
[Black "Cakl, Zdenek"]
[Result "1-0"]
[WhiteElo "1600"]
[BlackElo "2075"]
[PlyCount "43"]
[EventDate "2000.??.??"]
[EventType "tourn (corr)"]

1. e4 c5 2. c3 d5 3. exd5 Qxd5 4. d4 Nf6 5. Nf3 Nc6 6. Be3 cxd4 7. cxd4 e6 8.
Nc3 Qd8 9. a3 Bd6 10. Bc4 O-O 11. O-O b6 12. Qe2 Bb7 13. Rad1 Na5 14. Ba2 Rc8
15. Ne5 Qe7 16. Bg5 h6 17. Bh4 Kh8 18. f4 Qe8 19. Bxf6 gxf6 20. Qh5 Kg7 21. f5
Be7 22. Rd3 1-0

[Event "4MCR_4D_1L_4S"]
[Site "CR"]
[Date "2000.??.??"]
[Round "?"]
[White "Rybak, David"]
[Black "Hladecek, Miloslav"]
[Result "1/2-1/2"]
[WhiteElo "1600"]
[BlackElo "2150"]
[PlyCount "39"]
[EventDate "2000.??.??"]
[EventType "tourn (corr)"]

1. e4 c5 2. c3 Nf6 3. e5 Nd5 4. d4 cxd4 5. Nf3 Nc6 6. Bc4 Nb6 7. Bb3 d5 8. exd6
Qxd6 9. O-O Be6 10. Bxe6 Qxe6 11. Nxd4 Nxd4 12. cxd4 Rd8 13. Nc3 g6 14. d5 Nxd5
15. Qd4 Qf6 16. Qxa7 Qa6 17. Qxa6 bxa6 18. Re1 Bg7 19. Bg5 Bxc3 20. bxc3
1/2-1/2

[Event "4MCR_4D_1L_4S"]
[Site "CR"]
[Date "2000.??.??"]
[Round "?"]
[White "Rybak, David"]
[Black "Kuta, Miroslav"]
[Result "1/2-1/2"]
[WhiteElo "1600"]
[BlackElo "2130"]
[PlyCount "47"]
[EventDate "2000.??.??"]
[EventType "tourn (corr)"]

1. e4 c6 2. d4 d5 3. Nd2 dxe4 4. Nxe4 Bf5 5. Ng3 Bg6 6. h4 h6 7. h5 Bh7 8. Nf3
Nd7 9. Bd3 Bxd3 10. Qxd3 Qc7 11. Bd2 e6 12. O-O-O Ngf6 13. Ne4 O-O-O 14. g3 Nc5
15. Nxc5 Bxc5 16. c4 Bb6 17. Bc3 Rhe8 18. Qc2 Qe7 19. Ne5 Nd7 20. f4 Nxe5 21.
dxe5 Rxd1+ 22. Rxd1 Rd8 23. Rxd8+ Bxd8 24. Qd3 1/2-1/2

[Event "4MCR_4D_1L_4S"]
[Site "CR"]
[Date "2000.??.??"]
[Round "?"]
[White "Rybak, David"]
[Black "Leiner, Raimund"]
[Result "0-1"]
[WhiteElo "1600"]
[BlackElo "2245"]
[PlyCount "50"]
[EventDate "2000.??.??"]
[EventType "tourn (corr)"]

1. e4 c5 2. c3 d5 3. exd5 Qxd5 4. d4 Nf6 5. Nf3 e6 6. Bd3 Be7 7. O-O O-O 8. Be3
cxd4 9. cxd4 Nc6 10. Nc3 Qd6 11. a3 Bd7 12. Qe2 Rac8 13. Rad1 Rfe8 14. Bb1 Qc7
15. Bg5 h6 16. Bh4 Nd5 17. Bg3 Nxc3 18. bxc3 Qa5 19. Qd3 g6 20. Bc2 b5 21. Rfe1
Bf8 22. Nd2 Ne7 23. c4 Bc6 24. Be5 Nf5 25. c5 Bg7 0-1

[Event "4MCR_4D_1L_4S"]
[Site "CR"]
[Date "2000.??.??"]
[Round "?"]
[White "Rybak, David"]
[Black "Novak, Vratislav"]
[Result "0-1"]
[WhiteElo "1600"]
[BlackElo "2260"]
[PlyCount "53"]
[EventDate "2000.??.??"]
[EventType "tourn (corr)"]

1. e4 e5 2. Nf3 Nc6 3. Bc4 Bc5 4. b4 Bxb4 5. c3 Ba5 6. d4 exd4 7. O-O Nge7 8.
Ng5 d5 9. exd5 Ne5 10. Bb3 O-O 11. cxd4 N5g6 12. Ba3 Nf4 13. Qf3 Neg6 14. Ne4
Re8 15. Nbc3 Qh4 16. d6 Bg4 17. Qg3 Bf5 18. f3 Bxc3 19. Nxc3 Qf6 20. Kh1 cxd6
21. Nd5 Nxd5 22. Bxd5 Rad8 23. Rfd1 Re7 24. Bb4 b6 25. Bb3 Bc8 26. Rac1 Bb7 27.
Re1 0-1

[Event "4MCR_4D_1L_4S"]
[Site "CR"]
[Date "2000.??.??"]
[Round "?"]
[White "Rybak, David"]
[Black "Novotny, Josef"]
[Result "1-0"]
[WhiteElo "1600"]
[BlackElo "2165"]
[PlyCount "41"]
[EventDate "2000.??.??"]
[EventType "tourn (corr)"]

1. e4 c5 2. c3 d5 3. exd5 Qxd5 4. d4 Nf6 5. Nf3 Bg4 6. Be2 e6 7. h3 Bh5 8. c4
Qd8 9. O-O Nc6 10. g4 Bg6 11. d5 exd5 12. g5 Nd7 13. cxd5 Nb4 14. a3 Nc2 15.
Bd3 Bxd3 16. Qxd3 Nxa1 17. Re1+ Be7 18. d6 Qb6 19. Rxe7+ Kd8 20. Bf4 Qc6 21.
Rxf7 1-0

[Event "4MCR_4D_1L_4S"]
[Site "CR"]
[Date "2000.??.??"]
[Round "?"]
[White "Rybak, David"]
[Black "Urbanek, Stepan"]
[Result "1/2-1/2"]
[WhiteElo "1600"]
[BlackElo "2340"]
[PlyCount "66"]
[EventDate "2000.??.??"]
[EventType "tourn (corr)"]

1. e4 e6 2. d4 d5 3. Nd2 Nf6 4. e5 Nfd7 5. Bd3 c5 6. c3 Nc6 7. Ne2 Qb6 8. Nf3
cxd4 9. cxd4 f6 10. exf6 Nxf6 11. O-O Bd6 12. Nc3 O-O 13. Be3 Bd7 14. Ne5 Be8
15. Re1 Qxb2 16. Nb5 Nxe5 17. Nxd6 Nxd3 18. Qxd3 Qb6 19. Nxe8 Raxe8 20. f3 Rc8
21. Rab1 Qc7 22. Bf2 Qd7 23. Qb5 Qxb5 24. Rxb5 b6 25. Rxe6 Rc2 26. a4 Ra2 27.
a5 Rc8 28. axb6 axb6 29. Re1 Rcc2 30. Rf1 Rab2 31. Rxb2 Rxb2 32. Bh4 Kf7 33.
Rc1 Rd2 1/2-1/2

[Event "4MCR_4D_1L_4S"]
[Site "CR"]
[Date "2000.??.??"]
[Round "?"]
[White "Trcka, Vaclav"]
[Black "Hladecek, Miloslav"]
[Result "0-1"]
[WhiteElo "2065"]
[BlackElo "2150"]
[PlyCount "80"]
[EventDate "2000.??.??"]
[EventType "tourn (corr)"]

1. d4 Nf6 2. Nf3 e6 3. Bg5 c5 4. c3 d5 5. Nbd2 Nc6 6. e3 h6 7. Bh4 Bd6 8. Bd3
Qb6 9. dxc5 Bxc5 10. Bxf6 gxf6 11. Nb3 Be7 12. Nfd4 Ne5 13. h3 Nxd3+ 14. Qxd3
Bd7 15. Rd1 Rd8 16. Rd2 e5 17. Nf5 Bf8 18. Ng3 Bb5 19. Qf5 Rg8 20. Qf3 Bc4 21.
e4 d4 22. Rg1 dxc3 23. bxc3 Rxd2 24. Nxd2 Bxa2 25. Nh5 Rg6 26. g4 Be7 27. Rg3
Be6 28. Qe2 a5 29. Qd1 Qc6 30. Re3 a4 31. f4 Rg8 32. f5 Bd7 33. Rd3 b5 34. Qb1
Bc8 35. Rd5 Bd7 36. Qd3 a3 37. Nb3 Rg5 38. Qd2 b4 39. cxb4 Rxh5 40. gxh5 Qc4
0-1

[Event "4MCR_4D_1L_4S"]
[Site "CR"]
[Date "2000.??.??"]
[Round "?"]
[White "Trcka, Vaclav"]
[Black "Kuta, Miroslav"]
[Result "1/2-1/2"]
[WhiteElo "2065"]
[BlackElo "2130"]
[PlyCount "86"]
[EventDate "2000.??.??"]
[EventType "tourn (corr)"]

1. d4 Nf6 2. Nf3 g6 3. c4 Bg7 4. Nc3 O-O 5. e4 d6 6. Be2 e5 7. O-O Nc6 8. d5
Ne7 9. Ne1 Nd7 10. Nd3 f5 11. Bd2 Nf6 12. f3 f4 13. c5 g5 14. Rc1 Ng6 15. cxd6
cxd6 16. Nb5 Rf7 17. Qc2 Ne8 18. a4 h5 19. Nf2 Bf8 20. h3 Rg7 21. Qb3 Nh4 22.
Rc2 a6 23. Na3 Nf6 24. Be1 g4 25. hxg4 hxg4 26. Nxg4 Nh5 27. Nc4 Ng3 28. Bxg3
fxg3 29. Qb6 Qe7 30. Nce3 Rh7 31. Rfc1 Ng6 32. Rc7 Qg5 33. Rxh7 Kxh7 34. b4 Kg8
35. Rc7 Nf4 36. Bf1 Nh5 37. Nf5 Bxf5 38. exf5 e4 39. Qxb7 Nf6 40. Nxf6+ Qxf6
41. Rh7 Rb8 42. Qc7 Rc8 43. Qxc8 Kxh7 1/2-1/2